MARC

LEADER 00000nam0a2200000 4500
001 36025
005 20231031000736.0
035 |a (RuTPU)RU\TPU\book\36486 
035 |a BOOK00003138 
090 |a 36025 
100 |a 20011210d1975 m y0rusy50 ca 
101 0 |a rus 
102 |a RU 
105 |a a j 001zy 
200 1 |a Курс коллоидной химии  |e учебное пособие  |f С. С. Воюцкий 
205 |a 2-е изд., перераб. и доп. 
210 |a Москва  |c Химия  |d 1975 
215 |a 512 с.  |c ил. 
610 1 |a коллоидная химия 
610 1 |a законы 
610 1 |a коллоидные системы 
610 1 |a свойства 
610 1 |a исследования 
610 1 |a задачи 
610 1 |a решение 
610 1 |a высокомолекулярные вещества 
610 1 |a растворы 
610 1 |a учебные пособия 
610 1 |a библиотека А. Г. Стромберга 
675 |a 544.7(075.8)  |v 3 
700 1 |a Воюцкий  |b С. С.  |g Сергей Сергеевич 
801 0 |a RU  |b 63413507  |c 20011210  |g PSBO 
801 2 |a RU  |b 63413507  |c 20201204  |g PSBO 
900 |a Физическая химия 
900 |a Коллоидная химия 
942 |c BK